000 00630cam a22001934a 4500
005 20250605164106.0
008 250528s ||||||||||||||||||||||||d
035 _a17731
020 _a9781452291567
040 _aGR-AtMCL
_bgre
_dGR-AtMCL
_eAACR2
245 1 _aCorporate Social Responsibility / Definition, Core Issues, and Recent Developments
260 _bSage Publications,
_c2014
300 _a98
520 _aWhat is CSR, Three Foundational Assumptions, CSR and Value Creation, Τhe CSR Debate, The Future of CSR, References.
700 1 _aBeal Brent D.
_93923
942 _cBK
999 _c3132
_d3132